000 00240nam a22000857a 4500
008 160708b xxu||||| |||| 00| 0 eng d
100 _92406
_a Bakshi, M
245 _aThe Moody Peaacocks and other Tales
260 _aNew Delhi
_b Thomson Press
_c1976
999 _c2081
_d2081